Журнал Особого Совещания при Министерстве Народного Просвещения по вопросу о реформе высшей технической школы: [оттиск статьи]

Bibliografiske detaljer
Institution som forfatter: Российская империя Министерство народного просвещения Отдел Промышленных Училищ
Summary:Текст в русской дореформенной орфографии
Sprog:russisk
Udgivet: Петроград, Типография В. Ф. Киршбаума, 1916
Serier:Профессиональное Образование
Fag:
Format: Bog
KOHA link:https://koha.lib.tpu.ru/cgi-bin/koha/opac-detail.pl?biblionumber=270311

MARC

LEADER 00000nam0a2200000 4500
001 270311
005 20231101234332.0
035 |a (RuTPU)RU\TPU\book\293492 
090 |a 270311 
100 |a 20140925d1916 km y0rusy50 ca 
101 0 |a rus 
102 |a RU 
105 |a y z 000zy 
200 1 |a Журнал Особого Совещания при Министерстве Народного Просвещения по вопросу о реформе высшей технической школы  |e [оттиск статьи]  |f Российская империя, Министерство народного просвещения, Отдел Промышленных Училищ 
210 |a Петроград  |c Типография В. Ф. Киршбаума  |d 1916 
215 |a 26 с. 
225 1 |a Профессиональное Образование 
300 |a Текст в русской дореформенной орфографии 
316 |5 63413507: ШкА/3178  |a Многочисленные пометы в тексте 
606 1 |a Высшее техническое образование  |x Содержание  |x Учебные планы  |x Учебные программы  |2 stltpush  |3 (RuTPU)RU\TPU\subj\69847  |9 84522 
610 1 |a реформа 
610 1 |a оттиски 
610 1 |a преобразование 
610 1 |a решения 
610 1 |a Коллекция История ТПУ 
686 |a Ч481.21  |v LBC/SL-A  |2 rubbk 
712 0 1 |a Российская империя  |b Министерство народного просвещения  |b Отдел Промышленных Училищ  |2 stltpush  |3 (RuTPU)RU\TPU\col\15489 
801 1 |a RU  |b 63413507  |c 20140925 
801 2 |a RU  |b 63413507  |c 20210209  |g RCR 
942 |c BK